| 000 | 00554nam a22002057a 4500 | ||
|---|---|---|---|
| 005 | 20251108173424.0 | ||
| 008 | 250721s9999 xx 000 0 ara d | ||
| 020 | _a9628684574 | ||
| 082 | 1 | 4 | _aط/530/عبد |
| 100 | 1 | _aعبد الله، يوسف عبد الغفار | |
| 245 | 1 | 0 | _aتيسير العلوم / |
| 264 | _b123 Publishing House، | ||
| 300 | _a52ص. | ||
| 650 | 1 | 7 | _aالضوء |
| 650 | 1 | 7 | _aالفيزياء |
| 650 | 1 | 7 | _aالحرارة |
| 653 | _aناشاون صغار (10-14) سنه | ||
| 942 |
_2ddc _cBK |
||
| 999 |
_c103497 _d103497 |
||